000 00687cab a2200253 4500
001 ABS47775
008 090401t1993 xxu||||| |||| 00| 0 eng d
035 _a(Sirsi) u63382
041 _aeng
245 _aHousebuilders battle to develop confidence
260 _c1993
350 _a0
490 _aEstates Gazette
_v(9303) 23 January 1993, 90-91 (2)
520 _aA round-up of the fortunes of the major housebuilders during 1992.
650 _aCONSTRUCTION COMPANIES
650 _aHOUSE BUILDERS
650 _aHOUSING MARKET
650 _aINSOLVENCIES
650 _aRECESSION
690 _aBUILT ENVIRONMENT
690 _aHOUSING
942 _n0
948 _c04/03/1997
999 _c39399
_d39399